Multilateral agreement on investment (Record no. 57925)

MARC details
000 -LEADER
fixed length control field 01135cab a2200265 4500
001 - CONTROL NUMBER
control field WB3506-25
008 - FIXED-LENGTH DATA ELEMENTS--GENERAL INFORMATION
fixed length control field 090401t xxu||||| |||| 00| 0 eng d
035 ## - SYSTEM CONTROL NUMBER
System control number (Sirsi) u91274
041 ## - LANGUAGE CODE
Language code of text/sound track or separate title eng
245 ## - TITLE STATEMENT
Title Multilateral agreement on investment
260 ## - PUBLICATION, DISTRIBUTION, ETC.
Date of publication, distribution, etc. (P/99/111) 8 February 1999(4)
350 ## - PRICE (NR) (BK AM CF MU VM SE) [OBSOLETE]
Price 0
490 ## - SERIES STATEMENT
Series statement Environmental Audit Committee News Release
Volume/sequential designation (4/98-9) 8 February 1999
490 ## - SERIES STATEMENT
Series statement DTI Press Notice
Volume/sequential designation (P/99/111) 8 February 1999(4)
520 ## - SUMMARY, ETC.
Summary, etc. The Environmental Audit Committee has published a report on the Multilateral Agreement on Investement. They found that the MAI process does not reflect Rio commitments on sustainable development and the integration of the environment into policy making, and poses a risk to the conduct of environmental regulation. They consider it has been badly handled by the government.
650 ## - SUBJECT ADDED ENTRY--TOPICAL TERM
Topical term or geographic name entry element ENVIRONMENTAL POLICY
650 ## - SUBJECT ADDED ENTRY--TOPICAL TERM
Topical term or geographic name entry element ENVIRONMENTAL REGULATIONS
650 ## - SUBJECT ADDED ENTRY--TOPICAL TERM
Topical term or geographic name entry element MAI
650 ## - SUBJECT ADDED ENTRY--TOPICAL TERM
Topical term or geographic name entry element MULTILATERAL AGREEMENT ON INVESTMENT
650 ## - SUBJECT ADDED ENTRY--TOPICAL TERM
Topical term or geographic name entry element OECD
650 ## - SUBJECT ADDED ENTRY--TOPICAL TERM
Topical term or geographic name entry element RIO EARTH SUMMIT
690 ## - LOCAL SUBJECT ADDED ENTRY--TOPICAL TERM (OCLC, RLIN)
Topical term or geographic name as entry element ENVIRONMENTAL AND LAND CONSULTANCY
942 ## - ADDED ENTRY ELEMENTS (KOHA)
Suppress in OPAC 0
948 ## - LOCAL PROCESSING INFORMATION (OCLC); SERIES PART DESIGNATOR (RLIN)
c (OCLC) 12/02/1999
Holdings
Withdrawn status Lost status Source of classification or shelving scheme Damaged status Not for loan Home library Current library Shelving location Date acquired Total Checkouts Full call number Barcode Date last seen Copy number Price effective from Koha item type
    Dewey Decimal Classification     London London News article 14/09/1999   WB3506-25 91274-1001 06/08/2019 1 06/08/2019 News article